Cities in Squares on a Map - United States - Statistics

General Stats
  • This quiz has been taken 4,418 times
    4,402 since last reset
  • The average score is 28 of 41
Answers on the Map
Answers color-coded by a green-red scale on the quiz's map according to % correct below.
 
Answer Stats
Answer % Correct
Los Angeles
95%
New York City
95%
Seattle
94%
Miami
92%
Chicago
91%
Dallas
91%
Houston
90%
Phoenix
90%
Denver
88%
Atlanta
87%
Salt Lake City
87%
San Francisco
87%
Detroit
86%
Minneapolis
85%
Philadelphia
84%
Boise
83%
El Paso
79%
Honolulu
79%
San Antonio
79%
St Louis
79%
Tampa
78%
Albuquerque
77%
Buffalo
76%
Anchorage
75%
Sacramento
75%
Charlotte
74%
Omaha
69%
Memphis
65%
Mobile
58%
Sioux Falls
53%
Billings
52%
Fairbanks
49%
Eugene
45%
Trenton
44%
Spokane
39%
Bangor
31%
McAllen
26%
Grand Forks
18%
Kahului
6%
Grants Pass
5%
Sierra Vista
5%
No matching quizzes found
Score Distribution
Percent of People with Each Score
Percentile by Number Answered
Your Score History
You have not taken this quiz since the last reset